000 00575nam a2200181 a 4500
001 000035291
005 20200930074232.0
008 111027s1969 ag 000 0 spa d
040 _aDO-SdBNP
_bspa
_cBNPHU
082 _axxx
_bM316h
100 1 _aMannheim, Karl
_961057
245 1 3 _aEl hombre y la sociedad en la epoca de crisis /
_ckarl Mannheim; traducción Francisco Ayala.
260 _aBuenos Aires :
_bLa Pléyade,
_c1969.
300 _a207 p. ;
_c20 cm.
500 _aIncluye notas al pie de las páginas.
700 1 _aAyala, Francisco
_ctr.
_961058
049 _aBNPD
999 _c34782
_d34782